Geography Quiz

Random Geography or World Quiz

Landmark Spelling Test Quiz Stats

 Plays Quiz Updated Nov 20, 2017

Score 0/20 Timer 05:00
1 Play Today
Question Answer Wrong Answers
... Colosseum
83.4%
Colliseum
12.7%
... Rock of Gibraltar
80.9%
Rock of Gibralter
5.1%
... Angkor Wat
78.2%
Ankgor Wat
21.6%
... Neuschwanstein Castle
76.9%
Neschwanstein Castle
10.9%
... Niagara Falls
76.5%
Niagra Falls
9.2%
... Burj Khalifa
74.8%
Burj Kalifa
12.3%
... Sagrada Família
71.4%
Sagrata Família
15.4%
... Brandenburg Gate
69.5%
Brandenberg Gate
25%
... Mt. Kilimanjaro
67.8%
Mt. Kilamanjaro
15.5%
Mt. Kiliminjaro
7.1%
... Uluru
66.5%
Urulu
22.3%
... Petronas Towers
64.4%
Patronus Towers
9.8%
Petronus Towers
18%
... Piccadilly Circus
64%
Picadilly Circus
21.9%
... Chichen Itza
59.3%
Chitchen Itza
30.3%
Chicken Itza
7.6%
... Machu Picchu
58.1%
Macchu Pichu
21.1%
Macchu Picchu
20.5%
... Potemkin Stairs
53.8%
Potempkin Stairs
31.8%
... Ziggurat of Ur
53.4%
Zigurat of Ur
32.5%
... Faneuil Hall
52.9%
Fanuiel Hall
19.8%
Faneiul Hall
13.8%
... Borobudur
49.9%
Borobuder
19.2%
Borobedar
17%
... Grauman's Chinese Theatre
46.5%
Gräuman's Chinese Theatre
40.8%
... Hagia Sophia
37.1%
Hagia Sofia
61.7%

You're not logged in!

Compare scores with friends on all Sporcle quizzes.
OR
Log In

You Might Also Like...

Show Comments

Extras

Top Quizzes Today


Score Distribution

Your Account Isn't Verified!

In order to create a playlist on Sporcle, you need to verify the email address you used during registration. Go to your Sporcle Settings to finish the process.

Report this User

Report this user for behavior that violates our Community Guidelines.

Details: